Tropical Fruits Quiz - Statistics

General Stats
  • This quiz has been taken 208 times
  • The average score is 14 of 16
Answer Stats
Picture Answer % Correct
Avocado
99%
Banana
99%
Coconut
99%
Orange
99%
Pineapple
99%
Kiwi
98%
Mango
97%
Lemon
96%
Lime
96%
Papaya
92%
Dragonfruit
90%
Starfruit
84%
Passionfruit
78%
Lychee
75%
Guava
63%
Kumquat
56%
No matching quizzes found
Score Distribution
Percent of People with Each Score
Percentile by Number Answered
Your Score History
You have not taken this quiz